ՀՀ Գիտությունների ազգային ակադեմիայի հիմնարար գիտական գրադարան  =   Fundamental Scientific Library of NAS RA

Финансовая инженерия : (Record no. 196065)

MARC details
000 -LEADER
fixed length control field 01125nam a2200265 u 4500
001 - CONTROL NUMBER
control field 000528637
003 - CONTROL NUMBER IDENTIFIER
control field AM-YeHGA
005 - DATE AND TIME OF LATEST TRANSACTION
control field 20250617135230.0
008 - FIXED-LENGTH DATA ELEMENTS--GENERAL INFORMATION
fixed length control field 070328s1998 ||| r 000 0 rus d
020 ## - INTERNATIONAL STANDARD BOOK NUMBER
International Standard Book Number 5862255761
040 ## - CATALOGING SOURCE
Original cataloging agency AM-YeHGA
041 1# - LANGUAGE CODE
Language code of text/sound track or separate title rus
Language code of original eng
090 ## - LOCALLY ASSIGNED LC-TYPE CALL NUMBER (OCLC); LOCAL CALL NUMBER (RLIN)
-- 197544
100 1# - MAIN ENTRY--PERSONAL NAME
Personal name Маршалл, Джон Ф.
245 10 - TITLE STATEMENT
Title Финансовая инженерия :
Remainder of title Полное руководство по финансовым нововведениям : Учебник : Перевод с английского /
Statement of responsibility, etc. Джон Ф. Маршалл, Випул К. Бансал.
246 15 - VARYING FORM OF TITLE
Title proper/short title Financial engineering
260 ## - PUBLICATION, DISTRIBUTION, ETC.
Place of publication, distribution, etc. Москва :
Name of publisher, distributor, etc. ИНФРА-М,
Date of publication, distribution, etc. 1998.
300 ## - PHYSICAL DESCRIPTION
Extent 782 с. :
Other physical details ил.
440 #0 - SERIES STATEMENT/ADDED ENTRY--TITLE
Title Высшее образование
500 ## - GENERAL NOTE
General note На обл. 2-й авт. ошибочно: Викул К. Бансал
650 14 - SUBJECT ADDED ENTRY--TOPICAL TERM
Topical term or geographic name entry element Экономика
Geographic subdivision Капиталистические страны
653 0# - INDEX TERM--UNCONTROLLED
Uncontrolled term Финансы - Учебник для высшей школы
653 0# - INDEX TERM--UNCONTROLLED
Uncontrolled term Финансовая инженерия
700 1# - ADDED ENTRY--PERSONAL NAME
Personal name Бансал, Випул К.
Holdings
Withdrawn status Lost status Damaged status Not for loan Collection Home library Current library Date acquired Cost, normal purchase price Shelving control number Total checkouts Full call number Barcode Date last seen Price effective from Koha item type Public note
        General Fundamental Scientific Library Fundamental Scientific Library 28/12/2016 6000.00     P2/645131 FL0000649 28/12/2016 28/12/2016 Գրքեր / Books 30 Days Loan


ՀՀ ԳԱԱ հիմնարար գիտական գրադարան
ՀՀ,Երևան 0019
Մարշալ Բաղրամյան 24/6
հեռախոս:(374-10) 52-47-50
Հետադարձ կապ

All site content, except where otherwise noted, is licensed under a
Creative Commons License